Kenneḍīhatya kēsu. (Record no. 62450)

MARC details
000 -LEADER
fixed length control field 00586cam a22002171 4500
001 - CONTROL NUMBER
control field sa 65002109
003 - CONTROL NUMBER IDENTIFIER
control field DLC
005 - DATE AND TIME OF LATEST TRANSACTION
control field 20260227112114.0
008 - FIXED-LENGTH DATA ELEMENTS--GENERAL INFORMATION
fixed length control field 890907s1964 ii ac 000 0 telo
010 ## - LIBRARY OF CONGRESS CONTROL NUMBER
LC control number sa 65002109
035 ## - SYSTEM CONTROL NUMBER
System control number (OCoLC)20312765
040 ## - CATALOGING SOURCE
Original cataloging agency DLC
Transcribing agency WaU
Modifying agency DLC
042 ## - AUTHENTICATION CODE
Authentication code premarc
050 00 - LIBRARY OF CONGRESS CALL NUMBER
Classification number E842.9
Item number .V4
100 1# - MAIN ENTRY--PERSONAL NAME
Personal name Venkateswararao, Potluri,
Dates associated with a name 1931-
245 10 - TITLE STATEMENT
Title Kenneḍīhatya kēsu.
260 ## - PUBLICATION, DISTRIBUTION, ETC.
Date of publication, distribution, etc. [1964]
300 ## - PHYSICAL DESCRIPTION
Extent 110 p.
Other physical details illus., ports.
Dimensions 16 cm.
500 ## - GENERAL NOTE
General note In Telugu.
600 10 - SUBJECT ADDED ENTRY--PERSONAL NAME
Personal name Kennedy, John F.
Fuller form of name (John Fitzgerald),
Dates associated with a name 1917-1963
General subdivision Assassination.

No items available.

Powered by Koha